000 00556nam a2200217Ia 4500
008 220204s9999 xx 000 0 und d
082 _a581
_bGAL
100 _aGalston, Arthur W
245 0 _aLife of the green plant
250 _aEd.3
260 _aNew Jersey
_bPrentice-Hall
_c1980
490 _aFoundations of modern biology
650 _aCytology
650 _aHorticultural practice
650 _aMetabolism
650 _aMineral nutrition
650 _aPhotosynthesis
650 _aPhytohormones
650 _aPlant growth
942 _cBK
999 _c35411
_d35411